Logo BPK

Biblioteka

Politechniki Koszalińskiej

Polskie obrabiarki do metali : (Rekord nr 24272)

Szczegóły MARC
000 -ETYKIETA REKORDU
podpole kontrolne o stałej długości 00560nam a2200205 i 4500
001 - NUMER KONTROLNY REKORDU
pole kontrolne bg
020 ## - MIĘDZYNARODOWY ZNORMALIZOWANY NUMER KSIĄŻKI - ISBN
ISBN 8390995301
040 ## - ŹRÓDŁO KATALOGOWANIA
Instytucja, która utworzyła rekord BPK
041 0# - KOD JĘZYKA
Kod języka tekstu pl
080 ## - UNIWERSALNA KLASYFIKACJA DZIESIĘTNA - UKD
UKD 621.9(085.2)
920 ## - Międzynarodowy znormalizowany numer książki – ISBN
ISBN 83-909953-0-1
008 - POLE O STAŁEJ DŁUGOŚCI - DANE KONTROLNE
podpole kontrolne o stałej długości s pl f |000 0 pol
245 00 - TYTUŁ/ODPOWIEDZIALNOŚĆ
Tytuł Polskie obrabiarki do metali :
Ciąg dalszy tytułu katalog /
Pozostałe elementy strefy tytułu i oznaczenia odpowiedzialności zespół red. Adam Grzeszczuk [eta al.].
260 ## - STREFA ADRESU WYDAWNICZEGO
Miejsce wydania Racibórz :
Nazwa wydawcy/dystrybutora AGRO-TECH,
Data publikacji, dystrybucji/powstania dokumentu 1998.
300 ## - STREFA OPISU FIZYCZNEGO
Objętość 248 s. :
Inne cechy fizyczne rys., fot. kolor. ;
Rozmiary 30 cm.
650 #9 - HASŁO PRZEDMIOTOWE W FORMIE NAZWY OGÓLNEJ LUB JEDNOSTKOWEJ
Nazwa ogólna lub geograficzna Obrabiarki
655 ## - TERMIN INDEKSOWY - OKREŚLENIE RODZAJU/FORMY DOKUMENTU
Określenie rodzaju/formy dokumentu Katalogi
700 1# - HASŁO DODATKOWE - NAZWA OSOBOWA
Nazwa osobowa GRZRSZCZUK, Adam.
Określenie związku między hasłem a opisywanym materiałem Red.
856 ## - LOKALIZACJA I DOSTĘP DO ELEKTRONICZNYCH DOKUMENTÓW ZDALNYCH
Link (URL) http://koha.tu.koszalin.pl/cgi-bin/koha/opac-detail.pl?biblionumber=24272
Tekst linku Katalog online BPK
942 ## - DODATKOWE ELEMENTY (KOHA)
Typ dokumentu Katalog
Egzemplarze
Wycofany Status egzemplarza Uszkodzony Dostępność Lokalizacja stała Lokalizacja bieżąca Miejsce przechowywania Sygnatura Kod kreskowy Ostatnio wypożyczono Dział Typ dokumentu
      Tylko na miejscu Biblioteka Politechniki Koszalińskiej Biblioteka Politechniki Koszalińskiej Czytelnia BG KC 2988 01498127 07.11.2017 621.9.06 Obrabiarki Katalog
      Dostępny Biblioteka Politechniki Koszalińskiej Biblioteka Politechniki Koszalińskiej Wypożyczalnia BG KC 2989 01498110     Katalog
© 2023 Biblioteka Politechniki Koszalińskiej :: KOHA